Catálogo
 En Linea
Vista normal Vista MARC

Entrada Nombre corporativo

Número de registros utilizados en: 2

001 - NÚMERO DE CONTROL

  • campo de control: 58922

003 - IDENTIFICADOR DEL NÚMERO DE CONTROL

  • campo de control: BNPHU

005 - FECHA Y HORA DE LA ÚLTIMA TRANSACCIÓN

  • campo de control: 20241016124935.0

008 - DATOS DE LONGITUD FIJA

  • campo de control de longitud fija: 200615|| aca||aabn | a|a d

010 ## - NÚMERO DE CONTROL DE LA BIBLIOTECA DEL CONGRESO

  • Número de control de LC: no 94000859

040 ## - FUENTE DE LA CATALOGACIÓN

  • Centro catalogador/agencia de origen: DO-SdBNP
  • Lengua de catalogación: spa
  • Centro/agencia transcriptor: BNPHU
  • Normas de descripción: rda

110 2# - ENCABEZAMIENTO-NOMBRE DE ENTIDAD CORPORATIVA

  • Nombre de entidad corporativa o nombre de jurisdicción como elemento de entrada: Oficina Nacional del Censo (República Dominicana)

410 1# - TRAZADO DE VÉASE--NOMBRE DE ENTIDAD CORPORATIVA

  • Nombre de entidad corporativa o nombre de jurisdicción como elemento de entrada: República Dominicana.
  • Unidad subordinada: Oficina Nacional del Censo.

410 1# - TRAZADO DE VÉASE--NOMBRE DE ENTIDAD CORPORATIVA

  • Nombre de entidad corporativa o nombre de jurisdicción como elemento de entrada: República Dominicana
  • Unidad subordinada: Dirección General de Estadística.
  • Unidad subordinada: Oficina Nacional del Censo

670 ## - FUENTE DE DATOS ENCONTRADOS

  • Cita de la fuente: Work cat.: (OSt)32822: República Dominicana. Dirección General de Estadística, Oficina Nacional del Censo, 4to. censo nacional agropecuario 1950., [1955].

670 ## - FUENTE DE DATOS ENCONTRADOS

  • Cita de la fuente: Población de la República Dominicana ... 1954:
  • Información encontrada: portada. (Dirección General de Estadística, Oficina Nacional del Censo)

Con tecnología Koha